Historia de la fotografía: de 1839 a la actualidad
Na minha lista:
| Main Authors: | , , |
|---|---|
| Formato: | Livro |
| Idioma: | espanhol |
| Publicado em: |
Colonia
Taschen
2012
|
| Colecção: | The George Eastman House Collection
|
| Assuntos: | |
| Tags: |
Adicionar Tag
Sem tags, seja o primeiro a adicionar uma tag!
|
MARC
| LEADER | 00000cam a2200000 a 4500 | ||
|---|---|---|---|
| 001 | UCF6537 | ||
| 003 | CL-VaPUC | ||
| 008 | 130503e20120000GW |||||||||||||||||spa|d | ||
| 020 | |a 9783836541008 | ||
| 082 | 0 | 4 | |a 770.9 |b JOH |2 21 |
| 100 | 0 | |a Johnson, William S |e author |9 568535 | |
| 700 | 0 | |a Rice, Mark |e author |9 568536 | |
| 700 | 0 | |a Williams, Carla |e author |9 568537 | |
| 245 | 1 | 0 | |a Historia de la fotografía: de 1839 a la actualidad |
| 300 | |a 766 p | ||
| 942 | |c BK | ||
| 945 | |d 20130503 00:00:00 |a dcastane | ||
| 260 | |a Colonia |b Taschen |c 2012 | ||
| 650 | 0 | |a Fotografía |9 268495 | |
| 650 | 0 | |a Historia de la fotografía |9 494165 | |
| 583 | |a last modification |c 20130503 10:06:00 |k Rodrigo Vera | ||
| 490 | 0 | |a The George Eastman House Collection | |
| 999 | |c 351706 |d 351704 | ||
| 952 | |0 0 |1 0 |4 0 |6 770_900000000000000_JOH_2012 |7 0 |8 A |9 455985 |a BIBARQ |b BIBARQ |d 2019-11-22 |i 4968743 |l 1 |o 770.9 JOH 2012 |p 4968743 |r 2025-01-20 |s 2022-05-31 |w 2019-11-22 |y BK |k ARQ | ||